Хлопок-сырец (Запись № 7578978)

Подробности
000 -МАРКЕР
контрольное поле 01744nam0a22003371 4500
001 - ИДЕНТИФИКАТОР ЗАПИСИ
контрольное поле rc\2808329
005 - ИДЕНТИФИКАТОР ВЕРСИИ
контрольное поле 20250529181126.0
035 ## - ДРУГИЕ СИСТЕМНЫЕ НОМЕРА
Идентификатор записи (NLR Aleph) 006934211
100 ## - ДАННЫЕ ОБЩЕЙ ОБРАБОТКИ
Данные общей обработки 20110915d1936 |||y0rusy50 ca
101 0# - ЯЗЫК РЕСУРСА
Язык текста, звукозаписи и т.д. русский
102 ## - СТРАНА ПУБЛИКАЦИИ ИЛИ ПРОИЗВОДСТВА
Страна публикации Российская Федерация
105 ## - ПОЛЕ КОДИРОВАННЫХ ДАННЫХ: ТЕКСТОВЫЕ МАТЕРИАЛЫ, МОНОГРАФИЧЕСКИЕ
Кодированные данные о монографическом текстовом документе ace z |||||
200 1# - ЗАГЛАВИЕ И СВЕДЕНИЯ ОБ ОТВЕТСТВЕННОСТИ
Основное заглавие Хлопок-сырец
Сведения, относящиеся к заглавию Утв. ГУУЗ НКЛП СССР в качестве учеб. пособия по техминимуму для работников хлопкозаготовительной системы
Первые сведения об ответственности С. Ф. Григорьев, Г. А. Гузман, Д. В. Златовратский, А. Д. Андриевский, А. А. Файбышенко, Б. С. Тагиев
Последующие сведения об ответственности Под ред. С. А. Джанумяна
210 ## - ПУБЛИКАЦИЯ, РАСПРОСТРАНЕНИЕ И ДР.
Место издания, распространения и т.д. Москва
-- Ленинград
Имя издателя, распространителя и т. д. Гизлегпром
Дата издания, распространения и т.д. 1936
Место изготовления [Калуга]
Имя изготовителя тип. "Мособлполиграфа"
215 ## - ФИЗИЧЕСКАЯ ХАРАКТЕРИСТИКА
Специфическое обозначение материала и объем Переплет, 296 с., 1 вкл. л. портр.
Другие сведения о физической характеристике ил.
Размеры 20х14 см.
225 1# - СЕРИЯ
Основное заглавие серии Учебники по техминимуму
300 ## - ОБЩИЕ ПРИМЕЧАНИЯ
Текст примечания Перед загл.: С. Ф. Григорьев, Г. А. Гузман, Д. В. Златовратский, А. Д. Андриевский, А. А. Файбышенко, Б. С. Тагиев
702 #1 - ИМЯ ЛИЦА - ВТОРИЧНАЯ ОТВЕТСТВЕННОСТЬ
Начальный элемент ввода Андриевский
Часть имени, кроме начального элемента ввода А.Д.
Код отношения Прочие
702 #1 - ИМЯ ЛИЦА - ВТОРИЧНАЯ ОТВЕТСТВЕННОСТЬ
Начальный элемент ввода Файбышенко
Часть имени, кроме начального элемента ввода А.А.
Код отношения Прочие
702 #1 - ИМЯ ЛИЦА - ВТОРИЧНАЯ ОТВЕТСТВЕННОСТЬ
Начальный элемент ввода Тагиев
Часть имени, кроме начального элемента ввода Б.С.
Код отношения Прочие
702 #1 - ИМЯ ЛИЦА - ВТОРИЧНАЯ ОТВЕТСТВЕННОСТЬ
Начальный элемент ввода Джанумян
Часть имени, кроме начального элемента ввода С.А.
Код отношения Редактор
702 #1 - ИМЯ ЛИЦА - ВТОРИЧНАЯ ОТВЕТСТВЕННОСТЬ
Начальный элемент ввода Златовратский
Часть имени, кроме начального элемента ввода Д.В.
Код отношения Прочие
702 #1 - ИМЯ ЛИЦА - ВТОРИЧНАЯ ОТВЕТСТВЕННОСТЬ
Начальный элемент ввода Григорьев
Часть имени, кроме начального элемента ввода С.Ф.
Расширение инициалов личного имени Сергей Филиппович
Код отношения Прочие
702 #1 - ИМЯ ЛИЦА - ВТОРИЧНАЯ ОТВЕТСТВЕННОСТЬ
Начальный элемент ввода Гузман
Часть имени, кроме начального элемента ввода Г.А.
Код отношения Прочие
801 #0 - ИСТОЧНИК ЗАПИСИ
Страна Российская Федерация
Организация NLR
Правила каталогизации psbo
801 #1 - ИСТОЧНИК ЗАПИСИ
Страна Российская Федерация
Организация ELAR
Источник данных rusmarc
852 ## - МЕСТОНАХОЖДЕНИЕ И ШИФР ХРАНЕНИЯ
Идентификатор организации NLR
Шифр хранения (Call Number) 36-3/1390
942 ## - ДОПОЛНИТЕЛЬНЫЕ ЭЛЕМЕНТЫ ЗАПИСИ (АБИС)
Тип экземпляра АБИС Книга
980 ## - КОЛЛЕКЦИЯ
Название коллекции Национальная библиография
Экземпляры
Тип экземпляра Дата поступления Библиотека постоянного хранения Библиотека текущего хранения Место хранения Шифр хранения Штрих-код Статус экземпляра
Книга 26.10.2013 РНБ (Садовая) РНБ (Садовая) Русский книжный фонд -Главное здание, Ленинский читальный зал 36-3/1390 6934211-10